000 00522nam a22001577a 4500
999 _c527638
_d527638
020 _qHBK
082 _a658
100 _aZubair, Muhammad Arslan
245 _aEffect of Outsourcing on the Performance of the Firm (An Analysis of FMCG Sector of Pakistan) /
_cMuhammad Arslan Zubair.
260 _aIslamabad:
_bNBS - NUST,
_c2012.
300 _aVar p. : ill. ;
_c30cm.
942 _2ddc
_cTHE
650 _aMBA Thesis.
_917629
700 _aMr. Kamran Khalid.
_917555